01083cam a2200277 4500001001300000003000400013005001700017008004100034010001700075040003600092050002200128070002400150082001700174100002100191245008000212260007800292300002600370490008600396504003100482650005000513650004000563650005000603650004000653810009500693999001700788agr68000216 DLC20260227111030.0690820s1968 dcua b 000 0 eng c aagr68000216  aU.S. Nat'l Agr. Libr.cDLCdDLC00aHD1765 1968b.K780 aA281.9 Ag83 no. 22400a382/.41/09731 aKruer, George R.10aU.S. agriculture and the balance of payments, 1960-67c[by George R. Kruer. aWashington]bEconomic Research Service, U.S. Dept. of Agriculturec[1968] a15 p.billus.c26 cm.1 a[United States. Dept. of Agriculture. Economic Research Service] ERS-foreignv224 aBibliographical footnotes. 0aAgriculturexEconomic aspectszUnited States. 0aBalance of paymentszUnited States. 3aAgriculturexEconomic aspectszUnited States. 3aBalance of paymentszUnited States.10a[United States.bDepartment of Agriculture.bEconomic Research Service]tERS-foreignv224. c12519d12519